Normal view
MARC view
- Sullivan ,William G. & Wicks , Elin M & Koelling , Patrrick C.
Entry Personal Name
001 - CONTROL NUMBER
- control field: 18445
003 - CONTROL NUMBER IDENTIFIER
- control field: NUST
005 - DATE AND TIME OF LATEST TRANSACTION
- control field: 20190724060028.0
008 - FIXED-LENGTH DATA ELEMENTS
- fixed length control field: 190724|| aca||aabn | a|a d
040 ## - CATALOGING SOURCE
- Original cataloging agency: NUST
- Transcribing agency: NUST
100 ## - HEADING--PERSONAL NAME
- Personal name: Sullivan ,William G. & Wicks , Elin M & Koelling , Patrrick C.
670 ## - SOURCE DATA FOUND
- Source citation: Work cat.: (NUST): Sullivan ,William G. & Wicks , Elin M & Koelling , Patrrick C., ENGINEERING ECONOMY \, 2017.
